00654nam a2200265Ia 4500008004100000040001200041082001600053082001500069100001800084245003600102260001300138260002200151260000900173300001500182300000600197300001400203530001700217563001000234600001800244630003600262650002100298650001500319700001800334730003600352160716s9999||||xx |||||||||||||| ||und|| cEnglish aXIC/Khedkar bBORI-50775 aR. V. Khedkar 2aA Vedant Philosophy Of Religion aKolhapur bThe Mission Press c1911 aXiV+190+93 cA eHardbound u00050775.pdf aStudy aR. V. Khedkar aA Vedant Philosophy Of Religion aGeneral Indology aPhilosophy aR. V. Khedkar aA Vedant Philosophy Of Religion